| 000 | 01037nas a2200325 4500 | ||
|---|---|---|---|
| 001 | BR0301179 | ||
| 003 | BR-BrBNA | ||
| 005 | 20231205103620.0 | ||
| 007 | ta | ||
| 008 | 230509b bl.|||p| |||| 00| 00por d | ||
| 040 |
_aBR-BrBNA _bpor _cBiblioteca Nacional de Agricultura |
||
| 041 | _a(Pt) | ||
| 072 | _aH20; F30 | ||
| 100 | 1 | _aSilva-Mann, R. | |
| 100 | 1 | _aSalgado, K.C.C. | |
| 100 | 1 | _aVieira, M.G.G.C. | |
| 100 | 1 | _aMachado, J.C. | |
| 245 | 1 | _aVariabilidade genética de isolados no complexo Colletrotrichum associados a sementes de algodoeiro, por meio de técnicas moleculares e inoculação em plantas | |
| 650 | _aALGODÃO | ||
| 650 | _aSEMENTE | ||
| 650 | _aANTRACNOSE | ||
| 650 | _aSUPERBROTAMENTO | ||
| 650 | _aVARIAÇÃO GENÉTICA | ||
| 650 | _aPATOGENICIDADE | ||
| 650 | _aMARCADOR MOLECULAR | ||
| 650 | _aINOCULAÇÃO | ||
| 773 | 0 |
_tFitopatologia Brasileira (Brazil) _xISSN 0100-4158 _g(Jan-Feb 2002), v. 27(1) p. 27-32 _wBR0301179 |
|
| 909 |
_a202311 _bLúcia _c55 _dLúcia Elande |
||
| 942 |
_2AGRIS _n0 _cANA |
||
| 999 |
_c173827 _d173827 |
||